000 00413nam a2200169Ia 4500
005 20140428100524.0
008 140130s9999 xx 000 0 und d
050 _aSF 426.2
_b.D49 2006
245 _cHowie Dewin
_aWhy Are Dog's Noses Wet?
260 _bScholastic,
_c2006
300 _a30 p. :
_bcol. ill. ;
_c23 cm.
440 _v1
521 _aG4
526 _c610
942 _cBK
_2lcc
999 _c40788
_d40788